Poesías
Gorde:
| Egile nagusia: | |
|---|---|
| Formatua: | Liburua |
| Hizkuntza: | gaztelania |
| Argitaratua: |
Barcelona
Maucci
1910
|
| Gaiak: | |
| Etiketak: |
Etiketa erantsi
Etiketarik gabe, Izan zaitez lehena erregistro honi etiketa jartzen!
|
MARC
| LEADER | 00000nam a2200000 a 4500 | ||
|---|---|---|---|
| 001 | UCZ3142 | ||
| 003 | CL-VaPUC | ||
| 008 | 951020e19100000SP |||||||||||||||||spa|d | ||
| 082 | 0 | 4 | |a Co861 |b SIL |2 21 |
| 100 | 0 | |a Silva, José Asunción |e author |9 341329 | |
| 245 | 1 | 0 | |a Poesías |
| 300 | |a 239 p | ||
| 942 | |c BK | ||
| 945 | |d 19951020 00:00:00 |a rbrito | ||
| 260 | |a Barcelona |b Maucci |c 1910 | ||
| 650 | 7 | |a POESIAS COLOMBIANAS |2 CL-VaPUC |9 346928 | |
| 583 | |a last modification |c 19951020 00:00:00 |k Rodrigo Vera | ||
| 999 | |c 239656 |d 239654 | ||
| 952 | |0 0 |1 0 |4 0 |6 CO_861_000000000000000_SIL_1910 |7 0 |8 A |9 250944 |a BIBEDU |b BIBEDU |d 2019-11-18 |i 3141888 |o Co861 SIL 1910 |p 3141888 |r 2019-11-18 |w 2019-11-18 |y BK |k LIT | ||